Fyzika II /

Hlavní autor: Jelen, Josef, 1935-2024
Korporativní autor: České vysoké učení technické v Praze. Elektrotechnická fakulta
Jazyk: Čeština
Vydáno: Praha : Nakladatelství ČVUT, 2007
Vydání: Vyd. 3.
Témata:
Fyzický popis: 180 s. : il. ; 30 cm
Knihy
Uloženo v:
LEADER 01706nam a2200445 a 4500
001 nkc20071713637
003 CZ PrNK
005 20070906164715.0
007 ta
008 070323s2007 xr e p 000 0 cze
015 |a cnb001713637 
020 |a 978-80-01-03702-7  |q (brož.) 
035 |a (OCoLC)188554523 
040 |a BOA001  |b cze  |d ABA001 
072 7 |a 53  |x Fyzika  |2 Konspekt  |9 6 
072 7 |a 37.016  |x Učební osnovy. Vyučovací předměty. Učebnice  |2 Konspekt  |9 22 
080 |a 53  |2 MRF 
080 |a (075.8)  |2 MRF 
100 1 |a Jelen, Josef,  |d 1935-2024  |7 ntka172763  |4 aut 
245 1 0 |a Fyzika II /  |c Josef Jelen 
250 |a Vyd. 3. 
260 |a Praha :  |b Nakladatelství ČVUT,  |c 2007 
300 |a 180 s. :  |b il. ;  |c 30 cm 
500 |a Na obálce pod názvem: ČVUT v Praze, Fakulta elektrotechnická 
500 |a 3000 výt. 
550 |a Vydavatel: České vysoké učení technické v Praze 
580 |a "Navazuje (a to i číslováním kapitol) na skriptum autorů P. Kubeše a Z. Kyncla Fyzika I ..."--Předmluva 
650 0 7 |a fyzika  |7 ph114601  |2 czenas 
650 0 9 |a physics  |2 eczenas 
655 7 |a učebnice vysokých škol  |7 fd133772  |2 czenas 
655 9 |a textbooks (higher)  |2 eczenas 
710 2 |a České vysoké učení technické v Praze.  |b Elektrotechnická fakulta  |7 kn20010710175 
787 0 |t Fyzika I 
910 2 |a BOA001  |b 3-1188.079 
928 9 |a Česká technika - nakladatelství ČVUT 
990 |a BK 
995 |a 01 
991 |b 200706  |c NOV 
996 6 |b 2610313542  |c 3-1188.079  |l MZK  |r Sklad / do 1 hodiny  |n 0  |p p.v.  |w 000854758  |u 000010  |a 1  |e BOA001  |j MZK50  |s P 
996 7 |b 2610313543  |c 3-1188.079  |l MZK  |r Sklad / do 1 hodiny  |n 11  |p kup  |w 000854758  |u 000020  |a 1  |e BOA001  |j MZK50  |s A